00941nam a2200229 a 450000100100000000500170001000800410002702000180006804000250008608200150011110000290012624500450015526000330020030000210023349000130025450000500026783000200031795201130033795201190045095201250056999900170069400003464920200930073822.0111012s2008 sp 000 0 spa d a9789688536889 aDO-SdBNPbspacBNPHU axxxxbxxxx1 aSavater, Fernando91767210aÉtica para Amador /cFernando Savater. aMéxico :bPaidós,c2008. a143 p. ;c23 cm.1 aArielv5 aLa biblioteca posee la reimpresión del 2009 0aArieln5960085 001050718MOaGRbGRcHDd2011-10-12iLF1l0oxxxx xxxxp34649-10r2020-06-25w2020-06-25y1ZNo se presta 001050718MOaGRbGRcHDd2011-10-12iLF1l0oxxxx xxxxp34649-20r2020-06-25te. 2w2020-06-25y1ZNo se presta 001154708MOaGRbGRcMId2011-10-12iLF1l0oxxxx xxxxp34649-30r2020-06-25te. 3w2020-06-25y4ZPréstamo en sala c34140d34140